Mänskliga rättigheter för alla och envar / (Record no. 1608)

MARC details
000 -LEADER
fixed length control field 01216cam a22003614a 4500
001 - CONTROL NUMBER
control field data
005 - DATE AND TIME OF LATEST TRANSACTION
control field 20260322212108.0
008 - FIXED-LENGTH DATA ELEMENTS--GENERAL INFORMATION
fixed length control field data
035 ## - SYSTEM CONTROL NUMBER
System control number 15208389
010 ## - LIBRARY OF CONGRESS CONTROL NUMBER
LC control number 2008365835
020 ## - INTERNATIONAL STANDARD BOOK NUMBER
International Standard Book Number 9789139108481
040 ## - CATALOGING SOURCE
Original cataloging agency DLC
Transcribing agency DLC
043 ## - GEOGRAPHIC AREA CODE
Geographic area code e------
-- e------
050 00 - LIBRARY OF CONGRESS CALL NUMBER
Classification number KKV2460
Item number .M359 2007
100 1# - MAIN ENTRY--PERSONAL NAME
Personal name Greenhill, Malin.
245 10 - TITLE STATEMENT
Title Mänskliga rättigheter för alla och envar /
Statement of responsibility, etc. Malin Greenhill och Christian Ulfsparre.
250 ## - EDITION STATEMENT
Edition statement 1. uppl.
260 ## - PUBLICATION, DISTRIBUTION, ETC.
Place of publication, distribution, etc. Stockholm :
Name of publisher, distributor, etc. Norstedts juridik,
Date of publication, distribution, etc. c2007.
300 ## - PHYSICAL DESCRIPTION
Extent 103 p. :
Other physical details ill. ;
Dimensions 21 cm.
336 ## - CONTENT TYPE
Content type term text
Content type code txt
Source rdacontent
337 ## - MEDIA TYPE
Media type term unmediated
Media type code n
Source rdamedia
338 ## - CARRIER TYPE
Carrier type term volume
Carrier type code nc
Source rdacarrier
504 ## - BIBLIOGRAPHY, ETC. NOTE
Bibliography, etc. note Includes bibliographical references (p. [201]-202) and index.
650 #0 - SUBJECT ADDED ENTRY--TOPICAL TERM
Topical term or geographic name entry element Human rights
Geographic subdivision Sweden.
650 #0 - SUBJECT ADDED ENTRY--TOPICAL TERM
Topical term or geographic name entry element Human rights
Geographic subdivision Europe.
650 #0 - SUBJECT ADDED ENTRY--TOPICAL TERM
Topical term or geographic name entry element Human rights.
700 1# - ADDED ENTRY--PERSONAL NAME
Personal name Ulfsparre, Christian.
906 ## - LOCAL DATA ELEMENT F, LDF (RLIN)
a 7
b cbc
c origres
d 3
e ncip
f 20
g y-gencatlg
925 0# -
-- acquire
-- 1 shelf copy
-- policy default
955 ## - COPY-LEVEL INFORMATION (RLIN)
-- sg17 2008-03-17
-- sg11 2008-03-17 to BCCD
923 ## -
-- 20080109
-- 106531999
-- V00005600
Holdings
Withdrawn status Lost status Damaged status Not for loan Home library Current library Shelving location Date acquired Total checkouts Full call number Barcode Date last seen Price effective from Koha item type
        Liberty Liberty General stacks 22/03/2026   KKV2460 LOC-LPL-00071 22/03/2026 22/03/2026 Books